000 00889nam a2200253Ia 4500
003 OSt
005 20220923224830.0
006 a|||||r|||| 00| 0
007 ta
008 220922b |||||||| |||| 00| 0 hin d
024 _a251,726
037 _cTextual
040 _aARTS
_cARTS
_bhin
041 _2hin
_ahin
082 _aO41,1D772x, 152N3
100 _aठाकुर 'ख़याल', प्रियदर्शी
_9168146
245 0 _aबॉंस की टहनियॉं
246 _aBaॉansa kī ṭahaniyaॉan
260 _aनयी दिल्ली
_b साहित्य अकादमी
_c1993
300 _a232पृ.
_ccm.
650 _aहिन्दी साहित्य
_9156264
942 _hO41,1D772x, 152N3
_cTEXL
_2CC
999 _c373982
_d373982